000 01024nam a2200277 a 4500
005 20160105031832.0
008 140318b1990 xxuad | |||| 00| 0 eng d
020 _a0300040857 (alk. paper)
040 _aCO-BoIAVH
_cCO-BoIAVH
041 _aeng
044 _axxu
082 0 4 _a572.83818
_bS56p
100 1 _a Sibley, Charles Gald
_d1917-
_eautor
245 1 0 _aPhylogeny and classification of birds
_ba study in molecular evolution
_cCharles G. Sibley and Jon E. Ahlquist.
260 _aNew Haven
_bYale University Press
_cc1990
300 _a xxiii, 976 páginas
_bilustraciones y gráficas
_c25 cm.
504 _aIncluye referencias bibliográficas e índice.
505 0 _aParte 1.: Introduction. -- Parte 2.: Accounts of the groups of birds.
650 1 4 _aAves
_xEvolución molecular
650 2 4 _aAves
_xClasificación
650 2 4 _aFilogenia
650 2 4 _aOrigen de las especies
700 1 _aAhlquist, Jon E.
_eautor
942 _cLIBRO
_2ddc
945 _d2006-02-03
999 _c5200
_d5200